000 00260nam a22001097a 4500
999 _c166287
_d166287
082 _a
_b
100 _aHarpal Singh
245 _aHindi patrakaritha aur rashtriya andolan/
_cby Harpal Singh.
260 _aNew Delhi:
_bJawahar,
_c
650 _a
942 _cBK